Famous Cats Quiz Stats

 Plays Quiz Updated Apr 23, 2019

Score 0/32 Timer 07:00
1 Play Today
Hint Cat Name % Correct
Jim Davis' Comic StripGarfield
92.2%
Dr. Seuss' Most Famous CatThe Cat in the Hat
88.2%
Jerry's nemesisTom
85.4%
Pooh's bouncing buddyTigger
83.6%
Tweety Bird's puddy tatSylvester
78%
The Lion King protagonistSimba
75.4%
Itchy's nemesisScratchy
75.1%
Ren's palStimpy
74%
Shrek's sidekickPuss in Boots
74%
Calvin's good buddyHobbes
70.1%
Alice in Wonderland's Disappearing CatCheshire Cat
57.6%
Inspector Clouseau's title catPink Panther
52.3%
Sabrina the Teenage WitchSalem
51.8%
Japanese marketing juggernautHello Kitty
43.9%
Had adventures with OtisMilo
42.8%
The Simpsons petSnowball(s)
40.9%
Hint Cat Name % Correct
Silent-film era cartoon catFelix
40%
Men in Black (holder of the galaxy)Orion
30.6%
Dr. Evil's bald catMr. Bigglesworth
29.9%
Befriends Dodger and CompanyOliver
29.5%
Tiger from the Jungle BookShere Khan
27.7%
Belonged to Cinderella's wicked stepmotherLucifer
21.3%
9 Lives cat food spokescatMorris
20.4%
Jack's cat (Meet the Parents)Jinx
19.8%
Geppetto's cat (Pinocchio)Figaro
16.3%
George Gately's Comic StripHeathcliff
16.1%
Famous for saying 'Exit, Stage Left'Snagglepuss
16.1%
SNL cat who could driveToonces
11.3%
The SmurfsAzraël
11.1%
Opus' comic strip palBill the Cat
8%
Mr. Rogers cat puppetHenrietta
5.7%
Alf's wishful dinnerLucky
4.1%

You're not logged in!

Compare scores with friends on all Sporcle quizzes.
OR
Log In

Sporcle TV

Today on Sporcle TV


Watch our educational content, quiz creation guides, and fun videos on Sporcle TV.

Show Comments

Extras

Top Quizzes Today


Score Distribution

Your Account Isn't Verified!

In order to create a playlist on Sporcle, you need to verify the email address you used during registration. Go to your Sporcle Settings to finish the process.

Report this User

Report this user for behavior that violates our Community Guidelines.

Details: